000 00884nabaa22002057a 4500
999 _c6148
_d6148
003 OSt
005 20260123000022.0
008 190701b xxu||||| |||| 00| 0 spa d
040 _cPJ
100 _96441
_aCalandra, Fernando Alfredo
245 1 3 _aDerecho administrativo sancionador a la luz de la Convención Americana sobre Derechos Humanos /
_cFernando Alfredo Calandra.
300 _ap. 83-90
505 _aSumario: I. Introducción.— II. Desarrollo.— III. Conclusiones.—IV. Bibliografía.
505 _t¿Te interesa el texto completo? Comunicate al correo: koha@justierradelfuego.gov.ar
650 0 _9211
_aDERECHO ADMINISTRATIVO
650 0 _93828
_aSANCIONES DISCIPLINARIAS
650 0 _9614
_aDERECHOS HUMANOS
773 0 _02842
_93251
_dBuenos Aires : AbeledoPerrot, 2012-
_oDA121
_tDerecho administrativo. Nº 150 noviembre/diciembre 2023
_z18510590
942 _2udc
_cANA